Memoires Heliopolitaines = Dhikrayat Misr al-Jadidah.

محفوظ في:

مؤلف مشترك: Centre Francais de culture et de cooperation du Caire.

التنسيق: كتاب

اللغة: French

منشور في: Cairo, Egypt : AL-Ahram establishment, 2005.

الموضوعات:

الوسوم: إضافة وسم

لا توجد وسوم, كن أول من يضع وسما على هذه التسجيلة!

رقم الطلب: NA1583 .S72 2005

LEADER 00780namaa2200241 4500
001 16513
003 OSt
005 20250907070307.0
008 130303s2005 ua abc 000 0 fre d
040 |c ARCE Library 
043 |a f-ua--- 
050 4 |a NA1583 .S72 2005 
110 2 |a Centre Francais de culture et de cooperation du Caire. 
245 1 0 |a Memoires Heliopolitaines =   |b Dhikrayat Misr al-Jadidah. 
246 3 1 |a ذكريات مصر الجديدة  
264 1 |a Cairo, Egypt :   |b AL-Ahram establishment,   |c 2005. 
300 |a 213 pages :   |b illustrations (some color), maps, portraits ;   |c 30 cm. 
546 |a French and Arabic. 
651 0 |a Heliopolis (Cairo, Egypt) 
651 0 |a Heliopolis (Cairo, Egypt)  |x History. 
901 |a reviewed 
942 |c BK  |2 lcc 
999 |c 14258  |d 14258